<?xml version="1.0" encoding="UTF-8"?>
<record
    xmlns:xsi="http://www.w3.org/2001/XMLSchema-instance"
    xsi:schemaLocation="http://www.loc.gov/MARC21/slim http://www.loc.gov/standards/marcxml/schema/MARC21slim.xsd"
    xmlns="http://www.loc.gov/MARC21/slim">

  <leader>02084nam a22003617i 4500</leader>
  <controlfield tag="003">DO-SdBNP</controlfield>
  <controlfield tag="005">20240406073831.0</controlfield>
  <controlfield tag="007">ta</controlfield>
  <controlfield tag="008">220530b2019    dr ad||| |||| 00| 0 spa d</controlfield>
  <datafield tag="020" ind1=" " ind2=" ">
    <subfield code="a">9780984630363</subfield>
  </datafield>
  <datafield tag="040" ind1=" " ind2=" ">
    <subfield code="a">DO-SdBNP  </subfield>
    <subfield code="b">spa</subfield>
    <subfield code="c">BNPHU</subfield>
    <subfield code="e">rda</subfield>
  </datafield>
  <datafield tag="082" ind1=" " ind2="4">
    <subfield code="a">320.97293</subfield>
    <subfield code="b">C968p</subfield>
    <subfield code="2">22</subfield>
  </datafield>
  <datafield tag="245" ind1="0" ind2="0">
    <subfield code="a">Cultura pol&#xED;tica de la democracia en la Rep&#xFA;blica Dominicana y en las Am&#xE9;ricas, 2018-19 :</subfield>
    <subfield code="b">tom&#xE1;ndole el pulso a la democracia /</subfield>
    <subfield code="c">editores, Rosario Espinal, Jana Morgan, Mar&#xED;a Fernanda Boidi, Elizabeth J. Zechmeister</subfield>
  </datafield>
  <datafield tag="260" ind1=" " ind2=" ">
    <subfield code="a">Santo Domingo :</subfield>
    <subfield code="b">USAID, </subfield>
    <subfield code="c">2019.</subfield>
  </datafield>
  <datafield tag="264" ind1=" " ind2=" ">
    <subfield code="a">Santo Domingo :</subfield>
    <subfield code="b">USAID</subfield>
    <subfield code="b">INTEC,</subfield>
    <subfield code="c">2019.</subfield>
  </datafield>
  <datafield tag="300" ind1=" " ind2=" ">
    <subfield code="a">xx, 284 p&#xE1;ginas :</subfield>
    <subfield code="b">gr&#xE1;ficos ;</subfield>
    <subfield code="c">28 cm.</subfield>
  </datafield>
  <datafield tag="336" ind1=" " ind2=" ">
    <subfield code="2">rdacontent</subfield>
    <subfield code="a">texto</subfield>
    <subfield code="b">txt</subfield>
  </datafield>
  <datafield tag="337" ind1=" " ind2=" ">
    <subfield code="2">rdamedia</subfield>
    <subfield code="a">sin mediaci&#xF3;n</subfield>
    <subfield code="b">nc</subfield>
  </datafield>
  <datafield tag="338" ind1=" " ind2=" ">
    <subfield code="2">rdacarrier</subfield>
    <subfield code="a">volumen</subfield>
    <subfield code="b">n</subfield>
  </datafield>
  <datafield tag="504" ind1=" " ind2=" ">
    <subfield code="a">Bibliograf&#xED;a : p. 233-239</subfield>
  </datafield>
  <datafield tag="505" ind1="0" ind2=" ">
    <subfield code="a">Lista de gr&#xE1;ficos y tablas -- </subfield>
    <subfield code="t"> Presentaci&#xF3;n --</subfield>
    <subfield code="t">Introducci&#xF3;n del bar&#xF3;metro de las am&#xE9;ricas 2018/19 --</subfield>
    <subfield code="g">Cap&#xED;tulo 1</subfield>
    <subfield code="t">Apoyo a la democracia electoral en las Am&#xE9;ricas y en la Rep&#xFA;blica Dominicana --</subfield>
    <subfield code="g">Cap&#xED;tulo 2</subfield>
    <subfield code="t">Legitimidad democr&#xE1;tica en las Am&#xE9;ricas y en la Rep&#xFA;blica Dominicana --</subfield>
    <subfield code="g">Cap&#xED;tulo 3</subfield>
    <subfield code="t">Redes sociales y actitudes sociales en Am&#xE9;rica Latina y el Caribe --</subfield>
    <subfield code="g">Cap&#xED;tulo 4</subfield>
    <subfield code="t">Delincuencia, corrupci&#xF3;n y justicia en la Rep&#xFA;blica Dominicana --</subfield>
    <subfield code="g">Cap&#xED;tulo 5</subfield>
    <subfield code="t">Normas y comportamientos pol&#xED;ticos en la Rep&#xFA;blica Dominicana --</subfield>
    <subfield code="g">Cap&#xED;tulo 6</subfield>
    <subfield code="t">Inclusi&#xF3;n social y derechos humanos en la Rep&#xFA;blica Dominicana -- </subfield>
    <subfield code="t">Anexos.</subfield>
  </datafield>
  <datafield tag="590" ind1=" " ind2=" ">
    <subfield code="a">Inventariado, 2022 /LP
</subfield>
  </datafield>
  <datafield tag="650" ind1=" " ind2="0">
    <subfield code="a">Democracia </subfield>
    <subfield code="9">286</subfield>
  </datafield>
  <datafield tag="651" ind1=" " ind2="4">
    <subfield code="a">Rep&#xFA;blica Dominicana</subfield>
    <subfield code="x">Pol&#xED;tica y gobierno</subfield>
    <subfield code="y">2018-2019</subfield>
    <subfield code="9">82999</subfield>
  </datafield>
  <datafield tag="651" ind1=" " ind2="4">
    <subfield code="a">Am&#xE9;ricas</subfield>
    <subfield code="x">Pol&#xED;tica y gobierno</subfield>
    <subfield code="9">83002</subfield>
  </datafield>
  <datafield tag="700" ind1="1" ind2=" ">
    <subfield code="a">Espinal, Rosario</subfield>
    <subfield code="d">1955-</subfield>
    <subfield code="e">editor</subfield>
    <subfield code="9">43869</subfield>
  </datafield>
  <datafield tag="700" ind1="1" ind2=" ">
    <subfield code="a">Morgan, Jana,</subfield>
    <subfield code="e">editor</subfield>
    <subfield code="9">54658</subfield>
  </datafield>
  <datafield tag="700" ind1="1" ind2=" ">
    <subfield code="a">Boidi, Mar&#xED;a Fernanda, </subfield>
    <subfield code="e">editor</subfield>
    <subfield code="9">75260</subfield>
  </datafield>
  <datafield tag="700" ind1="1" ind2=" ">
    <subfield code="a">Zechmeister, Elizabeth J.</subfield>
    <subfield code="e">editor</subfield>
    <subfield code="9">75261</subfield>
  </datafield>
  <datafield tag="710" ind1="2" ind2=" ">
    <subfield code="a">Agencias de los Estados Unidos para el Desarrollo Internacional</subfield>
    <subfield code="9">81726</subfield>
  </datafield>
  <datafield tag="910" ind1=" " ind2=" ">
    <subfield code="a">Lop&#xE9;rez/Validado. Control de calidad MFF</subfield>
  </datafield>
  <datafield tag="942" ind1=" " ind2=" ">
    <subfield code="2">ddc</subfield>
    <subfield code="c">LBS1</subfield>
  </datafield>
  <datafield tag="952" ind1=" " ind2=" ">
    <subfield code="0">0</subfield>
    <subfield code="1">0</subfield>
    <subfield code="2">ddc</subfield>
    <subfield code="5">1</subfield>
    <subfield code="7">0</subfield>
    <subfield code="8">PD</subfield>
    <subfield code="a">BNPHU</subfield>
    <subfield code="b">BNPHU</subfield>
    <subfield code="c">HD</subfield>
    <subfield code="d">2022-05-30</subfield>
    <subfield code="e">Dep&#xF3;sito Legal </subfield>
    <subfield code="o">BNPHU PD 320.97293 C968p 2019</subfield>
    <subfield code="p">2022-2470</subfield>
    <subfield code="r">2022-05-30</subfield>
    <subfield code="w">2022-05-30</subfield>
    <subfield code="y">LBS1</subfield>
  </datafield>
  <datafield tag="952" ind1=" " ind2=" ">
    <subfield code="0">0</subfield>
    <subfield code="1">0</subfield>
    <subfield code="2">ddc</subfield>
    <subfield code="5">6</subfield>
    <subfield code="7">0</subfield>
    <subfield code="8">DS</subfield>
    <subfield code="a">BNPHU</subfield>
    <subfield code="b">BNPHU</subfield>
    <subfield code="c">HD</subfield>
    <subfield code="d">2022-12-06</subfield>
    <subfield code="e">Dep&#xF3;sito Legal </subfield>
    <subfield code="o">BNPHU DS 320.97293 C968p 2019</subfield>
    <subfield code="p">2022-2472</subfield>
    <subfield code="r">2022-12-06</subfield>
    <subfield code="t">e. 3</subfield>
    <subfield code="w">2022-12-06</subfield>
    <subfield code="y">LBS1</subfield>
  </datafield>
  <datafield tag="952" ind1=" " ind2=" ">
    <subfield code="0">0</subfield>
    <subfield code="1">0</subfield>
    <subfield code="2">ddc</subfield>
    <subfield code="5">1</subfield>
    <subfield code="7">0</subfield>
    <subfield code="8">PD</subfield>
    <subfield code="a">BNPHU</subfield>
    <subfield code="b">BNPHU</subfield>
    <subfield code="c">HD</subfield>
    <subfield code="d">2022-12-06</subfield>
    <subfield code="e">Dep&#xF3;sito Legal</subfield>
    <subfield code="o">BNPHU PD 320.97293 C968p 2019</subfield>
    <subfield code="p">2022-2471</subfield>
    <subfield code="r">2022-12-06</subfield>
    <subfield code="t">e. 2</subfield>
    <subfield code="w">2022-12-06</subfield>
    <subfield code="y">LBS1</subfield>
  </datafield>
  <datafield tag="999" ind1=" " ind2=" ">
    <subfield code="c">51843</subfield>
    <subfield code="d">51843</subfield>
  </datafield>
</record>
